000 00671nam a22002177a 4500
999 _c6520
_d6520
003 GBCCL
005 20241126110605.0
008 180517b ||||| |||| 00| 0 eng d
040 _cgbc
082 _a227.83007
_bTAF
110 _aTAFTEE
_911560
245 _aLeadership in the Church:
_bBased on the pastoral epistles
250 _a3rd ed. (DTP)
260 _aBangalore:
_bTAFTEE,
_c1996
300 _a252 p.;
_c29 cm.
500 _aA degree level course of the Association for Theological Education by Extension, India
650 _aBible
_vNew Testament
_xTimothy I
_911671
650 _aPastoral epistles
_911672
650 _aLeadership
_93087
942 _2ddc
_cBK
_01